| 000 | 01103nam a2200265 i 4500 | ||
|---|---|---|---|
| 001 | 179967 | ||
| 003 | ES-MaACL | ||
| 005 | 20241212161058.0 | ||
| 008 | 120307s2011 sp |||| |bspa d | ||
| 020 | _a978-84-95058-03-4 | ||
| 080 | _a929 Palafox y Mendoza, Juan de | ||
| 080 | _a94(460)"1759/88" | ||
| 080 | _a2:32(460)"17" | ||
| 100 | 1 |
_aBartolomé Martínez, Gregorio. _926174 |
|
| 245 | 1 | 0 |
_aSe equivocó Carlos III, se equivocaba : _bmanipulación política-religiosa del caso Juan de Palafox / _cGregorio Bartolomé Martínez. |
| 260 |
_aMadrid : _bEdiciones 2010, _c[2011] |
||
| 300 |
_a285, 3 p. ; _c21 cm. |
||
| 600 | 1 | 4 |
_aPalafox y Mendoza, Juan de, _d1600-1659 _9239354 |
| 650 | 7 |
_aReligión y política- _zEspaña- _vHistoria. _9149552 |
|
| 651 | 7 |
_aEspaña- _xHistoria- _y1759-1788, Carlos III. _98240 |
|
| 852 |
_aES-MaACL _jA-12018 _9186874 _bR.146926 _cDEPO1 _dOlim: N-5023 _xDonación: Gregorio Bartolomé Martínez _zDedicatoria autógrafa del autor |
||
| 903 |
_926174 _aBartolomé Martínez, Gregorio _ednr |
||
| 942 |
_2udc _cMONOGRAFIA |
||
| 999 |
_c179967 _d179967 |
||